000 00499cam a2200205ua 4500
001 7573
008 141217n ii |||gr||||Z||||||asm
020 _a8126005440
040 _cMAIN
041 _aasm
082 _a920
100 _aBose, A.,
_eAuthor.
245 1 _aMichael madhusudan Datta
_cBy Amalendu Bose
250 _a1st.
260 _aNew delhi:
_bSahitya akademi,
_c1998.
300 _a80p.
653 _aBiography, genealogy & insignia
653 _aAssamese biography
942 _cBK
999 _c6695
_d6695